000 00504nam a22001937a 4500
003 LK-CoDNM
005 20250116122313.0
008 250110b |||||||| |||| 00| 0 eng d
040 _aLK-CoDNM
_dLK-CoDNM
_eLK-CoDNM
041 _aeng
080 _a10
_bE1O.1
100 _aCHAMBERLAN,
245 _a AN INTRODUCTION TO THE SCIENCE OF PHOGRAPH
260 _c1936
_aNEW YORK
_bMACMILLAN COMPANY
300 _a300p. : ill ; 25 cm
650 _aScience
700 _aTHOMSON,ARTHUR J
942 _cBK
999 _c236512
_d236512